000 00598nam a2200229Ia 4500
003 OSt
005 20221007072255.0
006 a|||||r|||| 00| 0
007 ta
008 221006b |||||||| |||| 00| 0 eng d
024 _a20,337
037 _cTextual
040 _aFLL
_cFLL
_beng
041 _2eng
_aeng
082 _aZ1,3, K6
100 _aLord Denning Au.
_9690404
245 0 _aCommonwealth and colonial law
260 _aLondon
_bStevens & Sons England
_c1966
300 _a1008p
_ccm.
942 _hZ1,3, K6
_cTEXL
_2CC
999 _c1145612
_d1145612